| 000 | nam a22 7a 4500 | ||
|---|---|---|---|
| 999 |
_c29680 _d29680 |
||
| 008 | 180523b xxu||||| |||| 00| 0 eng d | ||
| 020 | _a9781305029330 | ||
| 050 | _aHB 172 .G83 2014 | ||
| 100 | _aGwartney A. James | ||
| 245 |
_aMicroeconomics / _cJames A.Gwartney |
||
| 260 |
_aAustria : _bCengage learning, _c2014. |
||
| 300 |
_axxiv,486p . : _c28cm. |
||
| 500 | _aInclude index | ||
| 650 | _aMicroeconomics | ||
| 700 | _aStroup L.Richard, Sobel S. Russell and Macpherson A. David | ||
| 942 |
_2lcc _cBOOKS _hHB 172 .G83 2014 |
||